MARC details
| 000 -CABECERA |
| campo de control de longitud fija |
04473nam a2200421Ia 4500 |
| 001 - NÚMERO DE CONTROL |
| campo de control |
dia_3234 |
| 003 - IDENTIFICADOR DEL NÚMERO DE CONTROL |
| campo de control |
CHAP |
| 005 - FECHA Y HORA DE LA ÚLTIMA TRANSACCIÓN |
| campo de control |
20250617172527.0 |
| 007 - CAMPO FIJO DE DESCRIPCIÓN FÍSICA--INFORMACIÓN GENERAL |
| campo de control de longitud fija |
ta |
| 008 - DATOS DE LONGITUD FIJA--INFORMACIÓN GENERAL |
| campo de control de longitud fija |
220117s1998 mx ado fr 001 0 spa d |
| 010 ## - NÚMERO DE CONTROL DE LA BIBLIOTECA DEL CONGRESO |
| Número de control de LC |
173732 |
| 020 ## - NÚMERO INTERNACIONAL ESTÁNDAR DEL LIBRO |
| Número Internacional Estándar del Libro |
84-89660-36-0 |
| 040 ## - FUENTE DE LA CATALOGACIÓN |
| Centro/agencia transcriptor |
CHAP |
| Centro catalogador/agencia de origen |
mxchpua |
| Normas de descripción |
rda |
| 041 ## - CÓDIGO DE LENGUA |
| Código de lengua del texto/banda sonora o título independiente |
spa |
| Código de lengua del sumario o resumen |
spa |
| Código de lengua de la tabla de contenido |
spa |
| Código de lengua original |
eng |
| 050 1# - SIGNATURA TOPOGRÁFICA DE LA BIBLIOTECA DEL CONGRESO |
| Número de clasificación |
QR41.2 |
| Número de documento/Ítem |
.M34 1998 |
| 082 ## - NÚMERO DE LA CLASIFICACIÓN DECIMAL DEWEY |
| Número de edición |
20 |
| Número de clasificación |
576 |
| Número de documento/Ítem |
M34 1998 |
| 100 1# - ENTRADA PRINCIPAL--NOMBRE DE PERSONA |
| Nombre de persona |
Madigan, Michael T. |
| 9 (RLIN) |
69687 |
| Término indicativo de función/relación |
autor |
| 240 10 - TÍTULO UNIFORME |
| Título uniforme |
Brock. Biology of microorganisms. |
| Lenguaje de la obra |
Español |
| 245 10 - MENCIÓN DE TÍTULO |
| Título |
Brock. Biología de los microorganismos / |
| Mención de responsabilidad, etc. |
Michael T. Madigan, John M. Martinko y Jack Parker ; traductor Mariano Gacto Fernández...[et al.] |
| 250 ## - MENCIÓN DE EDICIÓN |
| Mención de edición |
8a edición |
| 264 ## - PRODUCCIÓN, PUBLICACIÓN, DISTRIBUCIÓN, FABRICACIÓN Y COPYRIGHT |
| Producción, publicación, distribución, fabricación y copyright |
España : |
| Nombre del de productor, editor, distribuidor, fabricante |
Prentice Hall, |
| Fecha de producción, publicación, distribución, fabricación o copyright |
1998 |
| 300 ## - DESCRIPCIÓN FÍSICA |
| Extensión |
xviii, 774 p. : |
| Otras características físicas |
ilustraciones, gráficas, diagramas, tablas, fotos |
| 336 ## - TIPO DE CONTENIDO |
| Término de tipo de contenido |
texto |
| Código de tipo de contenido |
txt |
| Fuente |
rdacontent |
| 337 ## - TIPO DE MEDIO |
| Nombre/término del tipo de medio |
sin media |
| Código del tipo de medio |
n |
| Fuente |
rdamedia |
| 338 ## - TIPO DE SOPORTE |
| Nombre/término del tipo de soporte |
volumen |
| Código del tipo de soporte |
nc |
| Fuente |
rdacarrier |
| 504 ## - NOTA DE BIBLIOGRAFÍA, ETC. |
| Nota de bibliografía, etc. |
Incluye bibliografías |
| 505 0# - NOTA DE CONTENIDO CON FORMATO |
| Nota de contenido con formato |
Prefacio --<br/>1. Introducción: panorámica general de la microbiología y biología celular --<br/>2. Química celular --<br/>3. Biología celular --<br/>4. Nutrición y metabolismo --<br/>5. Crecimiento microbiano --<br/>6. Macromoléculas y genética molecular --<br/>7. Regulación de la expresión génica --<br/>8. Virus --<br/>9. Genética microbiana --<br/>10. Ingeniería genética y biotecnología --<br/>11. Control del crecimiento microbiano --<br/>12. Microbiología industrial --<br/>13. Diversidad metabólica de los microorganismos --<br/>14. Ecología microbiana --<br/>15. Evolución sistemática y taxonomías microbianas --<br/>16. Diversidad precariótica: dominio Bacteria --<br/>17. Diversidad precariótica: dominio Archaea --<br/>18. Eukarya: microorganismos eucarióticos --<br/>19. Relaciones hospedador-parásito --<br/>20. Conceptos de inmunología --<br/>21. Microbiología e inmunología clínica y diagnóstica --<br/>22. Epidiomiología y microbiología sanitaria --<br/>23. Principales enfermedades microbianas --<br/>Apéndices --<br/>Glosario --<br/>Índice |
| 520 2# - SUMARIO, ETC. |
| Sumario, etc. |
Estamos ante una nueva edad de oro de la microbiología. En pocos meses es posible secuenciar el genoma completo de una nueva bacteria: nuestro conocimiento de las bases moleculares de la enfermedad se ha incrementado hasta límites insospechados, hemos penetrado en la historia evolutiva de los microrganismos y las oportunidades profesionales en las ciencias biomédicas aumentan sin precedentes anteriores. Es, por tanto, un buen momento para estudiar microbiología. Nos llena de satisfacción introducir a los estudiantes al campo de la microbiología tal como es hoy en día, esto es lo que hemos pretendido con Biología de los Microorganismos de Brock 8a edición. Como en ediciones anteriores, este libro presenta los conceptos esenciales de la microbiología y los ilustra con las últimas informaciones científicas de la literatura. Sin embargo, nuestra meta principal es la misma de siempre: explicar la ciencia básica y las aplicaciones de la microbiología a un nivel tal que pueda ser seguido por un estudiante que se inicie en este campo, pero al mismo tiempo generando el suficiente interés en esta área de la biología. Con esta nueva edición ha cambiado el título de nuestro libro ya que Thomas D. Brock (el «arquitecto» de las siete ediciones previas «Biología de los Microorganismos») ha pasado la antorcha a sus coautores. Sin embargo, el lector puede estar seguro de que estamos firmemente decididos a mantener la alta reputación que este libro ha gozado en el último cuarto de siglo. Es por tanto pertinente incorporar el nombre de Brock al título porque, aunque él ya no es coautor del mismo, La Biología de los Microorganismos de Brock 8a ed. continúa haciendo hincapié la ciencia bien documentada, una filosofía que hizo de Thomas Brock uno de los primeros científicos y educadores del último medio siglo. Los actuales autores de BBOM 8," ed. han incorporado esta filosofía en las tres áreas mayoritarias de la microbiología hoy: general (Madigan), genética molecular (Parker), y médica/inmunología (Martinko). |
| 650 13 - PUNTO DE ACCESO ADICIONAL DE MATERIA--TÉRMINO DE MATERIA |
| Término de materia o nombre geográfico como elemento de entrada |
Microbiología |
| 9 (RLIN) |
75490 |
| Fuente del encabezamiento o término |
atg |
| 650 13 - PUNTO DE ACCESO ADICIONAL DE MATERIA--TÉRMINO DE MATERIA |
| Término de materia o nombre geográfico como elemento de entrada |
Microbiology |
| 9 (RLIN) |
150556 |
| Fuente del encabezamiento o término |
atg |
| 700 1# - PUNTO DE ACCESO ADICIONAL--NOMBRE DE PERSONA |
| Nombre de persona |
Martinko, John M. |
| 9 (RLIN) |
71672 |
| Término indicativo de función/relación |
autor |
| 700 1# - PUNTO DE ACCESO ADICIONAL--NOMBRE DE PERSONA |
| Nombre de persona |
Parker, Jack |
| 9 (RLIN) |
85593 |
| Término indicativo de función/relación |
autor |
| 700 1# - PUNTO DE ACCESO ADICIONAL--NOMBRE DE PERSONA |
| Nombre de persona |
Gacto Fernández Mariano |
| 9 (RLIN) |
140831 |
| Término indicativo de función/relación |
traductor |
| 942 ## - ELEMENTOS DE PUNTO DE ACCESO ADICIONAL (KOHA) |
| Tipo de ítem Koha |
Libro |
| Fuente del sistema de clasificación o colocación |
Dewey Decimal Classification |
| 901 ## - ELEMENTOS DE DATOS A LOCAL LDA (RLIN) |
| a |
576 M34 1998 |
| 902 ## - ELEMENTOS DE DATOS B LOCAL, LDB (RLIN) |
| a |
M |
| 905 ## - ELEMENTOS DE DATOS E LOCAL, LDE (RLIN) |
| a |
5232271998 SP adin8222223322SPA16 |